000 00503nam a2200169Ia 4500
008 241206s9999||||xx |||||||||||||| ||und||
020 _a9780071402279
_c75.8
040 _beng
_cSSK Library
_erda
082 _a510/SCH
100 _a Frank Ayres, Jr., Ph.D, Philip A. Schmidt
245 0 _aSchaum's Outlines:Theory And Problems Of College Mathematics
250 _a3rd ed
260 _b Mcgraw Hill
_c©1958
942 _2Dewey Decimal Classification
_cBOOK
_nNo
999 _c14383
_d14383
003 OSt
005 20241206223204.0